| 000 | 00667nam a2200205 a 4500 | ||
|---|---|---|---|
| 005 | 20240227063620.0 | ||
| 008 | 991125s1987 mx 000 0 spa u | ||
| 035 | _aUPN01000033228 | ||
| 049 | _aCG | ||
| 050 | 4 |
_aLB1578.249 M5 _bP6.4 |
|
| 100 | 1 |
_aPozas, Ricardo, _d1912-1994 _929875 |
|
| 245 | 1 | 0 |
_aJuan Pérez Jolote : _blengua mixteco de Oaxaca / _cRicardo Pozas Arciniega. |
| 260 |
_aMéxico : _bInstituto Nacional Indigenista, _c1987. |
||
| 300 |
_a246 p. : _bil. |
||
| 440 | 0 |
_aCuadernos literarios ; _vIII-21 |
|
| 500 | _aDatos tomados de la cubierta | ||
| 650 | 4 |
_aIndígenas de México _zOaxaca _xLenguas _917368 |
|
| 650 | 4 |
_aMIXTECO _917369 |
|
| 905 | _aLibro | ||
| 999 |
_c33228 _d33228 |
||